000 00752cam a22002411 4500
001 ca 25000271
003 DLC
005 20260227111114.0
007 cr_|||||||||||
008 800603s1916 nyu 000 0 eng
010 _aca 25000271
035 _a(OCoLC)6384151
040 _aDLC
_cVi
_dVi
_dDLC
042 _apremarc
050 0 0 _aF1234
_b.N27
245 0 2 _aA Nation in bondage and stupendous issues.
260 _aNew York,
_bLatin-American News Association
_c[1916?]
300 _a14 p.
_billus.
_c23 cm.
530 _aAlso available in digital form on the Internet Archive Web site.
651 0 _aMexico
_xHistory
_y1910-1946.
710 2 _aLatin-American News Association.
856 4 1 _uhttp://hdl.loc.gov/loc.gdc/scd0001.00159912255
999 _c15939
_d15939